[Event "Imperia op-A 49th"]
[Site "Imperia"]
[Date "2007.09.09"]
[Round "9"]
[White "Ratti, Marco"]
[Black "Malano, Francesco"]
[Result "0-1"]
[WhiteElo "1947"]
[BlackElo "1980"]
[PlyCount "70"]
[EventDate "2007.09.02"]
[EventType "swiss"]
[EventRounds "9"]
[EventCountry "ITA"]
[SourceTitle "EXT 2009"]
[Source "ChessBase"]
[SourceDate "2008.11.26"]
[SourceVersion "1"]
[SourceVersionDate "2008.11.26"]
[SourceQuality "1"]

1. d4 d5 2. Nf3 c6 3. g3 Nf6 4. Bg2 h6 5. Nbd2 Bf5 6. 0-0 e6 7. c4 Be7 8. b3 Nbd7 9. Bb2 Qc7 10. Ne5 Nxe5 11. dxe5 Ng4 12. cxd5 exd5 13. Nf3 Be4 14. e6 0-0 15. exf7+ Rxf7 16. h3 Bf6 17. Nd4 Nxf2 18. Rxf2 Qxg3 19. Rf3 Bxf3 20. exf3 Be5 21. Qe1 Qh2+ 22. Kf1 c5 23. Rd1 Bg3 24. Qe2 cxd4 25. Bxd4 Raf8 26. Rd3 Bb8 27. Bc5 Rc8 28. Rxd5 b6 29. Ba3 Kh8 30. Qd2 Qc7 31. Bb2 Qc2 32. Qxh6+ Qh7 33. Qd2 Qb1+ 34. Qd1 Qxb2 35. Rd8+ Rf8 0-1

[Event "Piemonte-ch 06"]
[Site "Turin"]
[Date "2005.12.06"]
[Round "5"]
[White "Roversi, Stefano"]
[Black "Ratti, Marco"]
[Result "0-1"]
[WhiteElo "1866"]
[BlackElo "1968"]
[PlyCount "68"]
[EventDate "2005.12.03"]
[EventType "swiss"]
[EventRounds "7"]
[EventCountry "ITA"]
[SourceTitle "EXT 2008"]
[Source "ChessBase"]
[SourceDate "2007.11.25"]
[SourceVersion "1"]
[SourceVersionDate "2007.11.25"]
[SourceQuality "1"]

1. e4 Nf6 2. e5 Nd5 3. d4 d6 4. Nf3 Bg4 5. Be2 e6 6. 0-0 Be7 7. c4 Nb6 8. Nc3 0-0 9. exd6 cxd6 10. Be3 a6 11. Rc1 Bxf3 12. Bxf3 Nxc4 13. Bxb7 Ra7 14. Be4 d5 15. Bb1 Nxe3 16. fxe3 Bg5 17. Rf3 f5 18. Rh3 Raf7 19. Na4 g6 20. Nc5 Qd6 21. Rg3 Bh6 22. Qd3 Rf6 23. Rf3 R6f7 24. Re1 e5 25. Rh3 e4 26. Qe2 Bg7 27. Qf2 Bf6 28. Qg3 f4 29. Qg4 Re8 30. Nb3 fxe3 31. Rexe3 Nc6 32. Bxe4 dxe4 33. Rxe4 Rxe4 34. Qxe4 Bxd4+ 0-1

[Event "Piemonte Region-ch"]
[Site "Torino"]
[Date "2004.04.??"]
[Round "5"]
[White "Sorcinelli, Francesco"]
[Black "Ratti, Marco"]
[Result "1/2-1/2"]
[WhiteElo "2082"]
[BlackElo "1931"]
[PlyCount "102"]
[EventDate "2004.04.??"]
[EventType "swiss"]
[EventRounds "6"]
[EventCountry "ITA"]
[SourceTitle "EXT 2024"]
[Source "ChessBase"]
[SourceDate "2023.10.10"]
[SourceVersion "1"]
[SourceVersionDate "2023.10.10"]
[SourceQuality "1"]

1. Nc3 f5 2. d4 Nf6 3. Bg5 e6 4. f3 Be7 5. h4 h6 6. Be3 Nc6 7. Qd2 Bb4 8. Bf2 d5 9. 0-0-0 a6 10. a3 Bd6 11. e4 dxe4 12. fxe4 fxe4 13. Qe2 Qe7 14. Nxe4 Nxe4 15. Qxe4 Qf6 16. Nf3 Qf4+ 17. Qxf4 Bxf4+ 18. Kb1 0-0 19. Bc4 Kh8 20. Rhe1 e5 21. dxe5 Bg4 22. e6 Bd6 23. Re3 Bxf3 24. gxf3 Ne5 25. Rxe5 Bxe5 26. Rd7 Bf6 27. Bb3 Rac8 28. h5 b6 29. Bg3 c5 30. Bd5 Rfd8 31. Rxd8+ Rxd8 32. c4 b5 33. b3 Be7 34. Kc2 Rf8 35. cxb5 axb5 36. a4 bxa4 37. bxa4 Rf5 38. Be4 Rxh5 39. a5 c4 40. Bc7 Rc5 41. Bb6 Rb5 42. Bb7 Rxb6 43. axb6 Kg8 44. Bd5 Kf8 45. b7 Bd6 46. Bxc4 Ke7 47. Bd5 h5 48. Kd3 h4 49. Ke3 g5 50. Kf2 h3 51. Kg1 Bf4 1/2-1/2

[Event "Torino Epifania op"]
[Site "Torino"]
[Date "2004.01.??"]
[Round "5"]
[White "Ratti, Marco"]
[Black "Ferrario, Enrico"]
[Result "1-0"]
[WhiteElo "1855"]
[BlackElo "1779"]
[PlyCount "47"]
[EventDate "2004.01.??"]
[EventType "swiss"]
[EventRounds "6"]
[EventCountry "ITA"]
[SourceTitle "EXT 2024"]
[Source "ChessBase"]
[SourceDate "2023.10.10"]
[SourceVersion "1"]
[SourceVersionDate "2023.10.10"]
[SourceQuality "1"]

1. d4 Nf6 2. c4 g6 3. Nc3 Bg7 4. e4 d6 5. Be2 0-0 6. f4 c5 7. d5 e6 8. Nf3 exd5 9. e5 dxe5 10. fxe5 Ng4 11. Bg5 f6 12. exf6 Bxf6 13. Bxf6 Qxf6 14. Nxd5 Qxb2 15. 0-0 Nc6 16. h3 Nge5 17. Rb1 Nxf3+ 18. Bxf3 Qd4+ 19. Qxd4 cxd4 20. Nc7 Bf5 21. Rxb7 Ne5 22. Bd5+ Kh8 23. Nxa8 Rxa8 24. Re7 1-0

[Event "Torino op 4th"]
[Site "Torino"]
[Date "2002.09.??"]
[Round "3"]
[White "Cavezzana, Davide"]
[Black "Ratti, Marco"]
[Result "0-1"]
[WhiteElo "1597"]
[BlackElo "1852"]
[PlyCount "118"]
[EventDate "2002.09.??"]
[EventType "swiss"]
[EventRounds "7"]
[EventCountry "ITA"]
[SourceTitle "EXT 2024"]
[Source "ChessBase"]
[SourceDate "2023.10.10"]
[SourceVersion "1"]
[SourceVersionDate "2023.10.10"]
[SourceQuality "1"]

1. e4 Nf6 2. e5 Nd5 3. c4 Nb6 4. d4 d6 5. f4 dxe5 6. fxe5 Nc6 7. Be3 Bf5 8. Nc3 e6 9. Nf3 Be7 10. Be2 0-0 11. 0-0 f6 12. Qe1 Nb4 13. Qg3 Kh8 14. Nh4 fxe5 15. Nxf5 exf5 16. dxe5 c6 17. Rad1 Qe8 18. a3 Na6 19. Bd4 Bc5 20. Bxc5 Nxc5 21. Qe3 Ne6 22. c5 Nd7 23. b4 Nc7 24. e6 Nxe6 25. Rd6 Rf6 26. Bc4 Ndf8 27. Re1 Nc7 28. Rxf6 gxf6 29. Qg3 Nce6 30. Bxe6 Nxe6 31. Qe3 Ng7 32. Qxe8+ Rxe8 33. Rxe8+ Nxe8 34. Kf2 Kg7 35. Kf3 Kf7 36. Kf4 Kg6 37. Nd1 Nc7 38. Ne3 Ne6+ 39. Kf3 Nc7 40. Kf4 Ne6+ 41. Kf3 h5 42. h4 b5 43. cxb6 axb6 44. g3 b5 45. Nc2 Kf7 46. Ke3 Ke7 47. Nd4 Nxd4 48. Kxd4 Kd6 49. Ke3 Ke5 50. Kf3 Kd4 51. Kf4 Kc4 52. Kxf5 Kb3 53. Kxf6 Kxa3 54. Kg5 Kxb4 55. Kxh5 c5 56. Kg4 c4 57. Kf3 c3 58. Ke3 Kb3 59. h5 c2 0-1

[Event "Torino op 4th"]
[Site "Torino"]
[Date "2002.09.??"]
[Round "2"]
[White "Ratti, Marco"]
[Black "Mrdja, Milan"]
[Result "0-1"]
[WhiteElo "1852"]
[BlackElo "2370"]
[PlyCount "52"]
[EventDate "2002.09.??"]
[EventType "swiss"]
[EventRounds "7"]
[EventCountry "ITA"]
[SourceTitle "EXT 2024"]
[Source "ChessBase"]
[SourceDate "2023.10.10"]
[SourceVersion "1"]
[SourceVersionDate "2023.10.10"]
[SourceQuality "1"]

1. d4 c5 2. d5 e6 3. c4 exd5 4. cxd5 d6 5. e4 g6 6. Nc3 Bg7 7. h3 Ne7 8. Nf3 0-0 9. Bd3 a6 10. a4 h6 11. Bf4 g5 12. Bh2 Ng6 13. Qc2 Qe7 14. 0-0-0 Nd7 15. Nd2 Nde5 16. g4 b5 17. axb5 axb5 18. Bxb5 Ra1+ 19. Ndb1 c4 20. Kd2 Nf3+ 21. Ke3 Nxh2 22. Rxh2 f5 23. f3 fxg4 24. fxg4 Ne5 25. Nd2 Nxg4+ 26. hxg4 Qa7+ 0-1

[Event "Torino-ch Assoluto 46th"]
[Site "Torino"]
[Date "2001.11.??"]
[Round "4"]
[White "Faraoni, Enrico"]
[Black "Ratti, Marco"]
[Result "0-1"]
[WhiteElo "2182"]
[BlackElo "1708"]
[PlyCount "74"]
[EventDate "2001.11.??"]
[EventType "swiss"]
[EventRounds "7"]
[EventCountry "ITA"]
[SourceTitle "EXT 2015"]
[Source "ChessBase"]
[SourceDate "2014.11.20"]
[SourceVersion "1"]
[SourceVersionDate "2014.11.20"]
[SourceQuality "1"]

1. e4 Nf6 2. Bc4 d5 3. exd5 Nxd5 4. Qf3 e6 5. d4 Nb6 6. Bd3 Qxd4 7. Ne2 Qf6 8. Qg3 Bd6 9. f4 Bc5 10. Nbc3 Be7 11. 0-0 0-0 12. Ne4 Qh4 13. Qf3 f5 14. Nf2 Nc6 15. Bd2 e5 16. Bb5 e4 17. Qb3+ Kh8 18. Bc3 Qh6 19. Bxc6 bxc6 20. Be5 Be6 21. Qc3 c5 22. g4 Nd5 23. Qa3 e3 24. Nd3 fxg4 25. c4 Nb6 26. b3 Bf5 27. Rfd1 Be4 28. Qb2 Bb7 29. Ng3 Bh4 30. Nf1 Bf3 31. Re1 Bxe1 32. Rxe1 e2 33. Ng3 Rad8 34. Qc3 Rf7 35. Nxe2 Qh3 36. Kf2 Be4 37. Nxc5 Qg2+ 0-1